000 00373nam a22001697a 4500
005 20180707161102.0
008 160530b xxu||||| |||| 00| 0 eng d
020 _a0-7494-2130-4
041 _aeng
082 _b6065
100 _aDenny, Richard
_92928
245 _aSelling to Win
260 _bKogan
_c1998
300 _a192
650 _aManagement
_9241
942 _cBK
999 _c2160
_d2159